Một nhận thức về văn học dân gian Việt Nam
Các nghiên cứu, phân tích của tác giả về văn học dân gian Việt Nam: về văn học dân gian nói chung và các thuộc tính của nó, khoa nghiên cứu văn học dân gian và một số tác gia tiêu biểu, việc phân kì và nghiên cứu lịch sử văn học dân gian, phân loại văn học dân gian và giới thiệu một số thể loại, tác...
Đã lưu trong:
| Príomhúdar: | |
|---|---|
| Formáid: | Leabhar |
| Teanga: | Vietnamese |
| Foilsithe: |
H.
Đại học Quốc gia Hà Nội
2012
|
| Ábhair: | |
| Clibeanna: |
Cuir Clib Leis
Gan Chlibeanna, Bí ar an gcéad duine leis an taifead seo a chlibeáil!
|
| Thư viện lưu trữ: | Mạng thư viện Đại học Đà Nẵng |
|---|
| LEADER | 01688aam a22003618a 4500 | ||
|---|---|---|---|
| 001 | 000017991 | ||
| 003 | 14418 | ||
| 005 | 20130820140821.0 | ||
| 008 | 130820s2012 viesd | ||
| 020 | |d 2000b | ||
| 041 | 0 | |a vie | |
| 082 | 1 | 4 | |2 14 |a 398.209597 |b NG-K |
| 100 | 1 | |a Nguyễn Xuân Kính | |
| 245 | 1 | 0 | |a Một nhận thức về văn học dân gian Việt Nam |c Nguyễn Xuân Kính |
| 260 | |a H. |b Đại học Quốc gia Hà Nội |c 2012 | ||
| 300 | |a 822 tr. |c 21 cm. | ||
| 500 | |a ĐTTS ghi: Hội Văn nghệ dân gian Việt Nam | ||
| 520 | |a Các nghiên cứu, phân tích của tác giả về văn học dân gian Việt Nam: về văn học dân gian nói chung và các thuộc tính của nó, khoa nghiên cứu văn học dân gian và một số tác gia tiêu biểu, việc phân kì và nghiên cứu lịch sử văn học dân gian, phân loại văn học dân gian và giới thiệu một số thể loại, tác phẩm văn học dân gian, phân vùng văn học dân gian... | ||
| 600 | |1 7 | ||
| 650 | 0 | 4 | |2 Bộ TK TVQG |a Văn học dân gian |x Nghiên cứu văn học |z Việt Nam |
| 650 | 7 | |2 Bộ TK TVQG | |
| 651 | 7 | |2 Bộ TK TVQG |a Việt Nam | |
| 653 | |a Văn học dân gian | ||
| OWN | |a LSP | ||
| AVA | |a UDN50 |b LSP |d 398.209597 NG-K |e available |t Error 5001 Not defined in file expand_doc_bib_avail. |f 1 |g 0 |h N |i 0 |k 1 | ||
| 999 | |a From the UDN01 | ||
| AVA | |a UDN50 |b LSP |d 398.209597 NG-K |e available |t Error 5001 Not defined in file expand_doc_bib_avail. |f 1 |g 0 |h N |i 0 |k 1 | ||
| TYP | |a Monograph | ||
| TYP | |a Printed language | ||
| 980 | |a Mạng thư viện Đại học Đà Nẵng | ||